000 00687cam a22002293a 4500
001 24346
003 PGUSA
005 20140828083523.0
008 080117s2008||||xxu|||||s|||||000 | eng d
040 _aPGUSA
_beng
042 _adc
050 4 _aQH
100 1 _aColeridge, Samuel Taylor,
_d1772-1834
245 1 0 _aHints towards the formation of a more comprehensive theory of life.
_h[electronic resource] /
_cSamuel Taylor Coleridge
260 _bProject Gutenberg,
_c2008
506 _aPublic domain in the USA.
516 _aElectronic text
653 _aLife (Biology)
830 0 _aProject Gutenberg
_v24346
856 4 0 _uhttp://www.gutenberg.org/ebooks/24346
942 _cEB
999 _c253601
_d253601